| 000 | 00347nam a2200121Ia 4500 | ||
|---|---|---|---|
| 008 | 250110s9999 xx 000 0 und d | ||
| 041 | _aeng | ||
| 100 |
_aBhosale Shreya _9182549 |
||
| 245 | _aBoutique Hotel At Fort Jaigarh Jaipur | ||
| 260 |
_bFinal Year B. Arch, BNCA _c2014 |
||
| 300 | _a95p | ||
| 700 |
_aGuide Name:Sahastrabuddhe Chetan _9210222 |
||
| 999 |
_c363414 _d363414 |
||